000 00671nam a2200205 a 4500
001 000045809
003 DO-SdBNP
005 20250129073605.0
008 150515s19uu dr a 000 0 spa d
040 _aDO-SdBNP
_bspa
_cBNPHU
082 _axxxx
_bxxxx
100 1 _aBalcácer, Juan Daniel,
_d1949-
_96566
245 1 0 _aFrancisco del Rosario Sánchez :
_bhéroe y mártir de la República /
_cJuan Daniel Balcácer.
260 _a[Santo Domingo :
_bEl Siglo,
_c[s. f. ].
300 _a32 p. :
_bil. ;
_c28 cm.
504 _aBibliografía : p. 24
590 _aInventariado, 2019/ YL
600 1 4 _981140
_aSánchez, Francisco del Rosario,
_d1817-1861
942 _2ddc
_cLBS1
999 _c45298
_d45298